My Havana : (Record no. 443)

MARC details
000 -LEADER
fixed length control field 01827nam a22004457a 4500
001 - CONTROL NUMBER
control field 443
003 - CONTROL NUMBER IDENTIFIER
control field FISKH
005 - DATE AND TIME OF LATEST TRANSACTION
control field 20250826143756.0
008 - FIXED-LENGTH DATA ELEMENTS--GENERAL INFORMATION
fixed length control field 230421b cb ||||| |||| 00| 0 eng d
010 ## - LIBRARY OF CONGRESS CONTROL NUMBER
LC control number 2009012053
020 ## - INTERNATIONAL STANDARD BOOK NUMBER
International Standard Book Number 9780763643058
020 ## - INTERNATIONAL STANDARD BOOK NUMBER
International Standard Book Number 9780545627405
040 ## - CATALOGING SOURCE
Original cataloging agency DLC
Transcribing agency DLC
Modifying agency DLC
-- FISKH
Language of cataloging eng
042 ## - AUTHENTICATION CODE
Authentication code lcac
050 00 - LIBRARY OF CONGRESS CALL NUMBER
Classification number PZ7.W46843
Item number Mxt 2010
082 00 - DEWEY DECIMAL CLASSIFICATION NUMBER
Classification number 920.07
Edition number 22
100 1# - MAIN ENTRY--PERSONAL NAME
Personal name Wells, Rosemary.
245 10 - TITLE STATEMENT
Title My Havana :
Remainder of title [memories of a Cuban boyhood] /
Statement of responsibility, etc. Rosemary Wells ; with Secundino Fernandez ; illustrated by Peter Ferguson.
250 ## - EDITION STATEMENT
Edition statement 1st ed.
260 ## - PUBLICATION, DISTRIBUTION, ETC.
Place of publication, distribution, etc. Somerville, Mass. :
Name of publisher, distributor, etc. Candlewick Press,
Date of publication, distribution, etc. 2010.
300 ## - PHYSICAL DESCRIPTION
Extent 65 p. :
Other physical details ill. (chiefly col.) ;
Dimensions 24 cm.
500 ## - GENERAL NOTE
General note "Reinforced trade edition"--Jkt.
500 ## - GENERAL NOTE
General note Subtitle from cover.
505 ## - FORMATTED CONTENTS NOTE
Formatted contents note M
520 ## - SUMMARY, ETC.
Summary, etc. Relates events in the childhood of architect Secundino Fernandez, who left his beloved Havana, Cuba, with his parents, first to spend a year in Spain, and later to move to New York City.
521 8# - TARGET AUDIENCE NOTE
Target audience note 760 <br/>
Source Lexile
521 8# - TARGET AUDIENCE NOTE
Target audience note M <br/>
Source Raz-Plus
600 10 - SUBJECT ADDED ENTRY--PERSONAL NAME
Personal name Fernandez, Secundino
General subdivision Childhood and youth
Form subdivision Juvenile fiction.
600 11 - SUBJECT ADDED ENTRY--PERSONAL NAME
Personal name Fernandez, Secundino
General subdivision Childhood and youth
Form subdivision Fiction.
650 #1 - SUBJECT ADDED ENTRY--TOPICAL TERM
Topical term or geographic name entry element Architecture
Form subdivision Fiction.
650 #1 - SUBJECT ADDED ENTRY--TOPICAL TERM
Topical term or geographic name entry element Family life
Geographic subdivision Cuba
Form subdivision Fiction.
650 #1 - SUBJECT ADDED ENTRY--TOPICAL TERM
Topical term or geographic name entry element Dictators
Form subdivision Fiction.
651 #1 - SUBJECT ADDED ENTRY--GEOGRAPHIC NAME
Geographic name Havana (Cuba)
General subdivision History
Chronological subdivision 20th century
Form subdivision Fiction.
651 #1 - SUBJECT ADDED ENTRY--GEOGRAPHIC NAME
Geographic name Cuba
General subdivision History
Chronological subdivision 20th century
Form subdivision Fiction.
700 1# - ADDED ENTRY--PERSONAL NAME
Personal name Fernandez, Secundino.
700 1# - ADDED ENTRY--PERSONAL NAME
Personal name Ferguson, Peter,
Dates associated with a name 1968-
Relator term ill.
906 ## - LOCAL DATA ELEMENT F, LDF (RLIN)
a 7
b cbc
c orignew
d 1
e ecip
f 20
g y-gencatlg
942 ## - ADDED ENTRY ELEMENTS (KOHA)
Source of classification or shelving scheme Dewey Decimal Classification
Koha item type Books
Suppress in OPAC No
Holdings
Withdrawn status Lost status Source of classification or shelving scheme Damaged status Not for loan Collection Home library Current library Shelving location Date acquired Total Checkouts Full call number Barcode Date last seen Price effective from Koha item type Copy number
    Dewey Decimal Classification     Non-Fiction Footprints International School Library Network Toul Kork Campus Footprints International School Library Network Toul Kork Campus TK Primary Library Room(4th Floor), Bookcase 5&6, Shelves 33-56, Orange Books 04/21/2023   WEL 920.07 PZ7.W46843 FISTK04828 04/21/2023 04/21/2023 Books  
    Dewey Decimal Classification     Non-Fiction Footprints International School Library Network Toul Kork Campus Footprints International School Library Network Toul Kork Campus TK Primary Library Room(4th Floor), Bookcase 5&6, Shelves 33-56, Orange Books 10/25/2024   WEL 920.07 PZ7.W46843 2024-2231 10/25/2024 10/25/2024 Books 2
    Dewey Decimal Classification     Non-Fiction Footprints International School Library Network Toul Tom Poung Campus Footprints International School Library Network Toul Tom Poung Campus TTP Primary Orange Bookshelves 08/13/2025   WEL 920.07 PZ7.W46843 FISSE01329 08/13/2025 08/13/2025 Books 3
    Dewey Decimal Classification     Non-Fiction Footprints International School Library Network Toul Tom Poung Campus Footprints International School Library Network Toul Tom Poung Campus TTP Primary Orange Bookshelves 08/26/2025   WEL 920.07 PZ7.W46843 FIS01564 08/26/2025 08/26/2025 Books 4